000 00534cam a2200145 4500500
005 20260111093648.0
041 _afre
042 _adc
100 1 0 _aMiossec, Alain
_eauthor
245 0 0 _aOlivier Postel-Viney, Sapiens et le climat, une histoire bien chahutée, Presses de la Cité, 2022, 348 pages, 21 €
260 _c2023.
500 _a11
786 0 _nLa Géographie | 1588 | 1 | 2023-04-14 | p. 54d-56d | 1964-9002
856 4 1 _uhttps://shs.cairn.info/revue-la-geographie-2023-1-page-54d?lang=fr&redirect-ssocas=7080
999 _c1626932
_d1626932